Optimization and nonsmooth analysis /
Guardado en:
| Autor Principal: | |
|---|---|
| Formato: | Libro |
| Idioma: | English |
| Publicado: |
New York :
Wiley,
c1983.
|
| Series: | Canadian Mathematical Society series of monographs and advanced texts
|
| Materias: | |
| Etiquetas: |
Agregar Etiqueta
Sin Etiquetas, Sea el primero en etiquetar este registro!
|
| LEADER | 00803cam a2200241 a 4500 | ||
|---|---|---|---|
| 001 | MAT.inmabb006384 | ||
| 008 | 830124s1983####nyua#####b####001#0#eng## | ||
| 005 | 20130402163956.0 | ||
| 245 | 1 | 0 | |a Optimization and nonsmooth analysis / |c Frank H. Clarke. |
| 260 | |a New York : |b Wiley, |c c1983. | ||
| 300 | |a xiii, 308 p. : |b il. ; |c 24 cm. | ||
| 440 | 0 | |a Canadian Mathematical Society series of monographs and advanced texts | |
| 500 | |a "A Wiley-Interscience publication." | ||
| 504 | |a Bibliografía: p. 291-301. | ||
| 500 | |a Incluye índice. | ||
| 510 | 4 | |a MR, |c 85m:49002 | |
| 020 | |a 047187504X | ||
| 100 | 1 | |a Clarke, Frank H. | |
| 650 | 0 | |a Nonsmooth optimization. | |
| 084 | |a 49-02 (49J52 58C20 90C48) |2 msc2000 | ||
| 010 | |a 83001216 | ||
| 040 | |a DLC |c DLC |d DLC | ||
| 859 | |h 49 |i C597 |p A-8612 |b BIB. MATEMATICA | ||
